| 000 | 00000nam 2200000zi 4500 |
| 001 | 9.929404 |
| 003 | CaOODSP |
| 005 | 20240129095612 |
| 006 | m o d f |
| 007 | cr mn||||||||| |
| 008 | 231025e20231027onc ob f000 0 eng d |
| 020 | |a9780660684666|q(report) |
| 020 | |a9780660684673|q(summary) |
| 040 | |aCaOODSP|beng|erda|cCaOODSP |
| 043 | |an-cn--- |
| 086 | 1 |aHP5-171/1-2023E-PDF |
| 086 | 1 |aHP5-171/2-2023E-PDF |
| 245 | 00|aUpdated guidance on the use of COVID-19 vaccines in individuals who have not previously been vaccinated against COVID-19. |
| 264 | 1|aOttawa, ON : |bPublic Health Agency of Canada = Agence de la santé publique du Canada, |cOctober 27, 2023. |
| 264 | 4|c©2023 |
| 300 | |a1 online resource (19 pages) + |e1 summary (6 pages) |
| 336 | |atext|btxt|2rdacontent |
| 337 | |acomputer|bc|2rdamedia |
| 338 | |aonline resource|bcr|2rdacarrier |
| 500 | |aCover title. |
| 500 | |aIssued also in French under title: Mise à jour des directives sur l'utilisation des vaccins contre la COVID-19 chez les personnes qui n'ont pas été vaccinées auparavant contre la COVID-19. |
| 500 | |aAt head of title: "An Advisory Committee Statement (ACS) National Advisory Committee on Immunization (NACI)." |
| 504 | |aIncludes bibliographical references (pages 16-18). |
| 650 | 0|aCOVID-19 (Disease)|xVaccination|zCanada. |
| 650 | 0|aCOVID-19 (Disease)|xVaccination|xGovernment policy|zCanada. |
| 710 | 2 |aPublic Health Agency of Canada, |eissuing body. |
| 710 | 1 |aCanada. |bNational Advisory Committee on Immunization, |eissuing body. |
| 775 | 08|tMise à jour des directives sur l'utilisation des vaccins contre la COVID-19 chez les personnes qui n'ont pas été vaccinées auparavant contre la COVID-19.|w(CaOODSP)9.929406 |
| 856 | 40|qPDF|s632 KB|uhttps://publications.gc.ca/collections/collection_2024/aspc-phac/HP5-171-1-2023-eng.pdf|zGuidance |
| 856 | 40|qPDF|sKB|uhttps://publications.gc.ca/collections/collection_2024/aspc-phac/HP5-171-2-2023-eng.pdf|zSummary |
| 986 | |a230525 (Guidance) |
| 986 | |a230527 (Summary) |